000 00753nam a2200241 i 4500
001 151019
003 ES-MaACL
005 20240124173328.0
007 t|
008 071127s2000 sp a |||| | spa d
020 _a84-376-1784-7
080 _a7.036(460.23)
100 1 _aOrs Führer, Carlos d'.
_987369
245 1 3 _aEl Noucentisme
_b: presupuestos ideológicos estéticos y artísticos /
_cCarlos d'Ors.
260 _aMadrid :
_bCátedra,
_c[2000]
300 _a318 p. :
_bil. ;
_c18 cm.
490 1 _aCuadernos arte Cátedra
650 1 4 _aArte-
_zCataluña-
_yS.XX.
_910090
650 1 4 _aNovecentismo-
_zCataluña.
_915600
830 0 _aCuadernos arte Cátedra
_9181519
852 _aES-MaACL
_jL-29343
999 _c151019
_d151019